000 00954nam a2200301 i 4500
001 57611
003 ES-MaBCM
005 20241016111919.0
008 871025s1984 esp 000 0 spa d
017 _aM.10514-1984
020 _a84-7433-287-7
021 _axx
035 _a(OCoLC)1024458345
040 _cES-MaBCM
041 0 _aspa
043 _aesp
080 _a914.60
080 _a502.3(460)
110 1 _aEspaña
_951324
_bDirección General de Medio Ambiente
245 1 0 _aGeografía y medio ambiente
_cDirección General del Medio Ambiente
260 _aMadrid :
_bServicio de Publicaciones del Ministerio de Obras Públicas y Urbanismo,
_c1984
300 _a307 p.
_c23 cm
440 0 _aMonografías de la Dirección General del Medio Ambiente
_9100005
650 2 7 _aProtección del medio ambiente
_959954
651 2 4 _aEspaña
_9115342
710 1 _aEspaña
_b. Ministerio de Obras Públicas y Urbanismo
_951493
942 _cBK
999 _c57611
_d57611